01029nam a2200193 i 4500001000700000003000900007005001700016008004100033111007500074245023100149260005200380300002800432650006100460650006900521700004400590852005700634999001900691952012500710160501ES-MaACL20230906212043.0011127s1877 xxu |||| | eng d2 aNational Prison Reform Congress (n4ยบ. d1876). cNueva York)913517410aTransactions of the Fourth National Prison Reform Congress b: held at New York, june 6-9, 1876 : being the report of the National Prison Association of the United States, for the years 1874 and 1875 / cedited by E. C. Wines. aNew York : bOffice of the Association, c1877. aXVII, 629 p. ; c23 cm. 4aEstablecimientos penitenciarios-zEstados Unidos.912516 4aEstablecimientos penitenciarios-vCongresos y asambleas.91631231 aWines, Enoch Cobb (d1806-1879)9117073 aES-MaACLjD-153 z- Enc. hol. z. - Donativo Lastres c160501d160501 001040708LIBXIXaATENEOMbATENEOMcSVId2008-01-17eSSCl0oD-153p901168056r2023-02-23 00:00:00w2023-02-23yMONANT